Library Banner

Aur America larz utha = اور امریکہ لرز اٹھا / (Record no. 136792)

MARC details
000 -LEADER
fixed length control field 00519nam a22001577a 4500
005 - DATE AND TIME OF LATEST TRANSACTION
control field 20250130120515.0
008 - FIXED-LENGTH DATA ELEMENTS--GENERAL INFORMATION
fixed length control field 250130b |||||||| |||| 00| 0 eng d
040 ## - CATALOGING SOURCE
Transcribing agency PK-LaUMT
082 ## - DEWEY DECIMAL CLASSIFICATION NUMBER
Classification number 891.4393
Item number TAR-A
100 ## - MAIN ENTRY--PERSONAL NAME
Personal name Tariq Ismail Sagar = طارق اسمعیل ساگر
245 ## - TITLE STATEMENT
Title Aur America larz utha = اور امریکہ لرز اٹھا /
Statement of responsibility, etc by Tariq Ismail Sagar = طارق اسمعیل ساگر
260 ## - PUBLICATION, DISTRIBUTION, ETC. (IMPRINT)
Place of publication, distribution, etc Lahore :
Name of publisher, distributor, etc Sagar Publications,
Date of publication, distribution, etc 2001
300 ## - PHYSICAL DESCRIPTION
Extent 311 p.
546 ## - LANGUAGE NOTE
Language note Urdu
942 ## - ADDED ENTRY ELEMENTS (KOHA)
Koha item type Books
Holdings
Withdrawn status Lost status Damaged status Home library Current library Date acquired Full call number Barcode Date last seen Price effective from Koha item type
      UMT Main Campus UMT Main Campus 2025-01-30 891.4393 TAR-A 148565 2025-01-30 2025-01-30 Books